Responses for show #7718 - Wednesday, March 14, 2018

Contestants

Peter Karamitsos, a software salesman from Elmhurst, Illinois

Allison Berke, a cybersecurity research director from Half Moon Bay, California

Zach Dark, an investment analyst from Hoover, Alabama (whose 2-day cash winnings total $48,201)

Jeopardy! Round responses

HISTORICAL NICKNAMES
ENDS WITH "SS"
THE TV SHOW'S PRESIDENTIAL TICKET
PERFECT RESPONSES FOR JEOPARDY!
(Alex: Because they are already questions.)
WHAT A HIGH-CLASS MISTAKE!
HOLD MY WINE
    $200 16
Marie Antoinette

Zach
    $200 9
[Applause for Allison running the category]

rimless

Allison
    $200 1
Veep

Zach
    $200 10
"Who's On First?"

Peter
    $200 15
Cannes

Peter
    $200 26
(Alex: With less than a minute.)

body

Peter
    $400 17
Cornwallis

Peter
    $400 5
prowess

Allison
    $400 2
House of Cards

Zach
    $400 11
(Allison: What is [*]?)
(Alex: Yes, but you know, because they are perfect--)
(Allison: Oh, what is [*]?)
(Alex: No, you're repeating "what is". You don't have to. You could just say [*] and I would accept that as correct.)

"Why can't I?"

Allison
    $400 21
Tesla

Zach
    $400 27
(Peter: What is Mustang?)

Thunderbird

AllisonPeter
    $600 18
Johnny Appleseed

Peter
    $600 6
an heiress

Allison
    $600 3
Scandal

Zach
    $600 12
"Why don't you speak for yourself, John?"

Triple Stumper
    $600 22
the Belmont

Zach
    $600 28
a flute

Zach
    $1,200 19
(Peter: Who... is... Wellington?)

Cromwell

Peter
    $800 7
a lioness

Allison
    $800 4
The West Wing

Allison
    $800 13
Are You My Mother?

Allison
    $800 23
(Stephen) Hawking

Zach
    $800 29
Muscat

Zach
    $1000 20
(Benjamin) Franklin

Peter
    $1000 8
bliss

Allison
    $1000 25
Glee

Zach
    $1000 14
"What news on the Rialto?"

Triple Stumper
    $1000 24
de jure

Zach
    $1000 30
Bacchus

Triple Stumper

Scores at the first commercial break (after clue 15):

Zach Allison Peter
$1,200 $5,000 $400

Scores at the end of the Jeopardy! Round:

Zach Allison Peter
$6,600 $5,400 $1,000

Double Jeopardy! Round responses

EARTH SCIENCE
BIOGRAPHIES
20th CENTURY REFERENCES
FROM THE BRITISH MONARCHY'S WEBSITE
SOUTH AMERICAN CAPITALS
POP "STREET"
    $400 26
the crust

Zach
    $400 6
da Vinci

Zach
    $400 11
a cliffhanger

Zach
    $400 16
Prince George

Zach
    $400 1
Montevideo

Peter
    $400 21
Sesame Street

Allison
    $800 27
continental drift

Triple Stumper
    $800 7
the New Deal

Zach
    $800 12
fallout

Peter
    $800 17
changing of the guard

Zach
    $2,000 2
Bogota

Peter
    $800 22
"Dancing In The Street"

Zach
    $1200 28
Old Faithful

Allison
    $1200 8
Warren Beatty

Peter
    $3,000 13
Teflon

Peter
    $1200 18
(Zach: What is Balmoral?)

Windsor

ZachPeter
    $1200 3
Brasilia

Peter
    $1200 23
the E Street Band

Allison
    $1600 29
[The end-of-round signal sounds.]

a sinkhole

Peter
    $1600 9
Sam Houston

Peter
    $1600 14
the Marlboro Man

Zach
    $1600 19
the Commonwealth

Zach
    $1600 4
Santiago

Peter
    $1600 24
Mean Streets

Peter
    $2000 10
Ron Chernow

Triple Stumper
    $2000 15
to Balkanize

Peter
    $2000 20
(Zach: What is Good Friday?)

Maundy Thursday

Zach
Triple Stumper
    $2000 5
(Peter: What is Paraguay?)

Suriname

ZachPeter
    $2000 25
(Alex: Less than a minute now, Peter.)

Street Fighter

Triple Stumper

Scores at the end of the Double Jeopardy! Round:

Zach Allison Peter
$12,600 $8,200 $17,200

[wagering suggestions for these scores]

Final Jeopardy! Round responses

THE ELECTORAL COLLEGE
AllisonWhat is [illegible] 4?
$8,100
ZachWhat is 3?
$4,601
PeterWhat is is three
$10,200
3

Final scores:

Zach Allison Peter
$17,201 $100 $27,400
2nd place: $2,000 3rd place: $1,000 New champion: $27,400

Game dynamics:

Coryat scores:

Zach Allison Peter
$12,600 $8,200 $15,400
21 R,
2 W
12 R,
0 W
18 R
(including 2 DDs),
3 W
(including 1 DD)

Combined Coryat: $36,200

The J! Archive is created by fans, for fans. The Jeopardy! game show and all elements thereof, including but not limited to copyright and trademark thereto, are the property of Jeopardy Productions, Inc. and are protected under law. This website is not affiliated with, sponsored by, or operated by Jeopardy Productions, Inc. Join the discussion at JBoard.tv.